000 00856nas a2200265 4500
001 BR0800241
003 BR-BrBNA
005 20231205111441.0
007 ta
008 230509b bl.|||p| |||| 00| 00por d
040 _aBR-BrBNA
_bpor
_cBiblioteca Nacional de Agricultura
041 _a(Pt)
072 _aL73
100 1 _aMangini, P.R.
100 1 _aMorais, W. de
100 1 _aSantos, L.C. dos
245 1 _aEnfermidades observadas em Tapirus terrestris (Anta brasileira)mantidas em cativeiro em Foz do Iguaçu, Paraná
650 _aANTA
650 _aTAPIRUS TERRESTRIS
650 _aDOENÇA ANIMAL
650 _aCATIVEIRO
773 0 _tArquivo de Ciências Veterinárias e Zoologia da UNIPAR (Brazil)
_xISSN 1415-8167
_g(Jan-Jun 2002), v. 5(1) p. 093-102
_wBR0800241
909 _a202311
_bLúcia
_c55
_dLúcia Elande
942 _2AGRIS
_n0
_cANA
999 _c192794
_d192794